Science - Solvants de Laboratoire de chimie organique - Statistiques

Statistiques générales
  • Ce quiz a été pris 35 fois
  • Le résultat moyen est 9 sur 20
Statistiques - réponses
Par images Réponse % Correct
Eau
81%
Benzène
74%
Ethanol
74%
Cyclohexane
71%
Methanol
71%
Hexane
55%
Acétone
52%
Toluène
52%
Dichlorométhane
45%
Nonane
45%
Chloroforme
42%
Isopropanol
35%
Acétonitrile
32%
Pyridine
32%
Acétate d'éthyle
26%
Ether diéthylique
26%
Benzaldéhyde
23%
Tetrahydrofurane
23%
Diméthylsulfoxyde
19%
Diméthylformamide
16%
Aucun quiz correspondant
Distribution des résultats
% des personnes avec chaque résultat
Percentile par nombre de réponses
Votre historique - résultats
Vous n’avez pas pris ce quiz